|
|
|
|
| LEADER |
00000nam a2200000 4500 |
| 001 |
vtls012228843 |
| 003 |
SK-MaSNL |
| 005 |
20260301165908.0 |
| 008 |
230503s2022 xo oa grn 000 0 slo |
| 015 |
|
|
|a SNBA2023/07
|
| 020 |
|
|
|a 9788081291357
|q (viazané)
|
| 040 |
|
|
|a SNK
|b slo
|c SNK
|e rda
|
| 041 |
0 |
|
|a slo
|b eng
|
| 044 |
|
|
|a xo
|c SK
|
| 072 |
|
7 |
|a 7.01/.09
|x Umenie
|2 konspekt
|
| 072 |
|
7 |
|a 27-5
|x Liturgia. Kresťanské umenie a symbolika. Duchovný život
|2 konspekt
|
| 080 |
|
|
|a 27-526.62
|2 2011
|
| 080 |
|
|
|a 75.051.046.3
|2 2011
|
| 080 |
|
|
|a 7.04
|2 2011
|
| 080 |
|
|
|a (084.12)
|2 2011
|
| 080 |
|
|
|a (048.8)
|2 2011
|
| 080 |
|
|
|a 7.032/.038:27
|2 2011
|
| 080 |
|
|
|a 7.046.3
|2 2011
|
| 080 |
|
|
|a 27-526.6
|2 2011
|
| 100 |
1 |
|
|a Dankovčíková, Emília
|4 aut
|4 pht
|9 535316
|
| 245 |
1 |
0 |
|a Ikony
|b Biblia v obrazoch
|c Emília Dankovčíková
|
| 264 |
|
1 |
|a Košice-Myslava
|b TypoPress - tlačiareň
|c 2022
|
| 300 |
|
|
|a 151 strán
|b farebné fotografie, ilustrácie
|c 24 cm
|
| 336 |
|
|
|a text
|b txt
|2 rdacontent
|
| 337 |
|
|
|a bez média
|b n
|2 rdamedia
|
| 338 |
|
|
|a zväzok
|b nc
|2 rdacarrier
|
| 366 |
|
|
|e 100 kusov
|
| 504 |
|
|
|a Bibliografia na strane 148-149
|
| 546 |
|
|
|a Anglické resumé
|
| 650 |
0 |
7 |
|a ikony
|2 SNKPH
|9 3134
|
| 650 |
0 |
7 |
|a Icons
|2 SNKPHeng
|9 283301
|
| 650 |
0 |
7 |
|a ikonografia
|2 SNKPH
|9 26172
|
| 650 |
0 |
7 |
|a Iconography
|2 SNKPHeng
|9 318053
|
| 650 |
0 |
7 |
|a kresťanské umenie
|2 SNKPH
|9 1061
|
| 650 |
0 |
7 |
|a Christian art
|2 SNKPHeng
|9 276117
|
| 650 |
0 |
7 |
|a sakrálne umenie
|2 SNKPH
|9 1064
|
| 650 |
0 |
7 |
|a Sacral art
|2 SNKPHeng
|9 302792
|
| 650 |
0 |
7 |
|a kresťanská symbolika
|2 SNKPH
|9 1958
|
| 650 |
0 |
7 |
|a Christian symbolism
|2 SNKPHeng
|9 325558
|
| 655 |
|
7 |
|a fotografické publikácie
|2 SNKPH
|9 70483
|
| 655 |
|
7 |
|a Photographic publication
|2 SNKPHeng
|9 266858
|
| 655 |
|
7 |
|a monografie
|2 SNKPH
|9 70139
|
| 655 |
|
7 |
|a Monographs
|2 SNKPHeng
|9 120675
|
| 700 |
1 |
|
|a Michalov, Milan
|4 pht
|9 535317
|
| 852 |
|
|
|a Slovenská národná knižnica
|
| 919 |
|
|
|a 978-80-8129-135-7
|
| 954 |
|
|
|a odborná, vedecká literatúra pôvodná (slovenská)
|2 lita
|
| 954 |
|
|
|a duchovná literatúra pôvodná (slovenská)
|2 lita
|
| 958 |
|
|
|a NT
|
| 958 |
|
|
|a NB
|
| 999 |
|
|
|c 825825
|d 827755
|
| 952 |
|
|
|a SNK
|b SNK
|y PREZ
|7 0
|p 17A1528882
|o snkSC 202015
|i snk2023/7122
|8 0
|0 0
|1 0
|4 0
|d 2023-05-03
|l 0
|r 2025-10-24 00:00:00
|w 2026-02-24
|
| 952 |
|
|
|a SNK
|b SNK
|y VYP
|7 0
|p 17A1528881
|o snkSC 202015 D1
|i snk2023/7123
|8 0
|0 0
|1 0
|4 0
|d 2023-05-03
|l 0
|r 2026-02-24 03:20:18
|w 2026-02-24
|